000 00462nam a2200193Ia 4500
003 OSt
005 20250909110159.0
008 250729s2005 xx 000 0 und d
020 _a978-8176488877
040 _cAL
041 _aeng
082 _a574.2 MISH
100 _aMishra B C
_9222442
245 _aHealth and nutrition education
260 _aNew Delhi
_bA P H Publishing
_c2005
300 _a308p
650 _aScience
_9222443
942 _2ddc
_cBED
999 _c235464
_d235464